| 000 | 00425nam a2200145Ia 4500 | ||
|---|---|---|---|
| 008 | 211118s9999||||xx |||||||||||||| ||und|| | ||
| 082 |
_a894.812 3 _bRAM-A |
||
| 100 | _aRamakrishnan, Malayattoor | ||
| 245 | 0 | _aAthiril Poothu Ninna Marangal | |
| 260 |
_bD c Books _aKottayam _c1999 |
||
| 300 | _a179p | ||
| 630 | _xMalayalam FictionGeneral Stack | ||
| 650 |
_aMalayalam LiteratuireMalayalam Novels _vMalayalam |
||
| 942 | _cBOOK | ||
| 999 |
_c98228 _d98228 |
||